000 00881nam a2200253Ia 4500
003 OSt
005 20220923224716.0
006 a|||||r|||| 00| 0
007 ta
008 220922b |||||||| |||| 00| 0 hin d
024 _a248,951
037 _cTextual
040 _aARTS
_cARTS
_bhin
041 _2hin
_ahin
082 _aO152:g(V27M69), L7
100 _aशैली बाला
245 0 _aस्वातं×योत्तर हिन्दी साहित्य में गांधीवाद
246 _aSvātan×yottar hindī sāhitya mean gāandhīvāda
260 _aबंगलौर
_b विद्या मंदिर
_c1977
300 _a392पृ.
_ccm.
650 _aहिन्दी साहित्य
_9156264
942 _hO152:g(V27M69), L7
_cTEXL
_2CC
999 _c373101
_d373101